1589 1348 1307 1770 1315 1226 1989 1568 1510 1418 1455 1042 1718 1414 1764 1119 1668 1956 1859 1859 1725 1989 1485 1819 1440 1602 1667 1209 1113 1067 1930 1230 1654 1571 1911 1686 1515 1349 1230 1995 1406 1565 1241 1457 1397 1231 1710 1924 1647 1876 1925 1193 1235 1439 1711 1136 1029 1189 1476 1624 1169 1199 1316 1242 1617 1521 1679 1982 1256 1380 1854 1084 1217 1153 1920 1566 1633 1969 1888 1912 1329 1046 1146 1923 1448 1371 1820 1184 1730 1730 1115 1739 1061 1697 1920 1454 1040 1257 1529 BCNSPRNW ULIB Ver.6.0+V

เปลี่ยนเป็นภาษาไทย

Change to English
 แสดงรายละเอียดบรรณานุกรม
  กลับหน้าหลัก

Brief Record : Get Marc (ISO 2709) : E-mail record : QR code < ปิดหน้าต่าง
LEADER : 00000nam 2200000uu 4500
001    13399121342
003     ULIB
008    121115s2550||||th 000 0 tha d
020    ^a9789749741993
050 04  ^aT385^bบ444i
100 0  ^aบุญญาดา ช้อนขุนทด
245 1  ^aInsight illustrator CS3 /^cบุญญาดา ช้อนขุนทด
260    ^aกรุงเทพ :^bโปรวิชั่น,^c2550
300    ^a416 หน้า :^bภาพประกอบสี ;^c22 ซม. +^e1 computer optical disc (4 3/4 นิ้ว)
590    ^aThaiLIS Union Catalog 190608.
650    ^aคอมพิวเตอร์กราฟิก
650    ^aโปรแกรมคอมพิวเตอร์
650    ^aอโดบีอิลลัสเตรเตอร์ ซีเอส
902    ^a100111
907    ^a.b12267855^bmulti^c-
945    ^p299^l0^i15519
998    ^a ^b0^c390619^dm^eb^f-^g0
999    ^aวิภา
รายการนี้ยังไม่มีแท็ก
คุณยังไม่ได้ล็อกอิน คุณสามารถมีกิจกรรมร่วมกับเว็บไซต์ได้ แต่ต้องล็อกอินก่อน ::
  ล็อกอิน

รายการสื่อสารสนเทศ

ลำดับที่ ประเภท เลขเรียก/บาร์โค้ด สถานที่ สถานะ
1. วิทยาศาสตร์การแพทย์ และสุขภาพ
วิทยาศาสตร์การแพทย์ และสุขภาพ
T385 บ444i  
  Barcode: 15519
ห้องสมุดวิทยาเขตสวรรค์ประชารักษ์
►หนังสือทั่วไป
บนชั้น

รายการใกล้เคียง
    หัวเรื่อง [คอมพิวเตอร์กราฟิก]
    หัวเรื่อง [โปรแกรมคอมพิวเตอร์]

BibComment


ยังไม่เคยถูกคอมเมนท์

คอมเมนท์ทรัพยากรรายการนี้
  คอมเมนท์: Insight illustra..


 Copyright 2026. Bcnsprnw @Library